000
00250nam a2200109 a 4500
008
090929s1988|||| d
100
1
_a
Angelov,C.
245
1
0
_a
Zlatokopovia
260
_b
Východoslov.vyd.
_a
Košice
_c
1988
041
_a
slo
044
_a
xo
_c
SK
999
_c
14
_d
14